Former Flags of Middle Africa Countries/Territories - Statistics

General Stats
  • This quiz has been taken 31 times
  • The average score is 10 of 13
Answer Stats
Picture Answer % Correct
Ethiopian Empire (Abyssinia)
100%
Kingdom of Burundi
100%
Zaire (Kinshasa)
100%
Equatorial Guinea
93%
French Gabon
93%
Rwanda
87%
People's Republic of Congo (Brazzaville)
80%
Eritrea
73%
Tanganyika
60%
Uganda
60%
Sultanate of Zanzibar
53%
Republic of Cabinda
33%
State of Katanga
27%
No matching quizzes found
Score Distribution
Percent of People with Each Score
Percentile by Number Answered
Your Score History
You have not taken this quiz